| 000 | 00668nam a22002537a 4500 | ||
|---|---|---|---|
| 003 | BR-BrBNA | ||
| 005 | 20231219144437.0 | ||
| 008 | 231219b bl.||||| |||| 00| 0 por d | ||
| 020 | _a9788568956007 | ||
| 040 |
_aBR-BrBNA _bpor |
||
| 041 | _apor | ||
| 072 | _aC11 | ||
| 100 | _aAguiar, Cibele. | ||
| 245 |
_aPolo de excelência do café: _ba inovação de uma trajetória / |
||
| 250 | _a1. ed. | ||
| 260 |
_aMinas Gerais - MG: _bAlternativa Comunicação Integrada, _c2014 |
||
| 300 | _a132 p. | ||
| 650 | _aCAFÉ | ||
| 650 | _aAGROINDUSTRIA | ||
| 650 | _aECONOMIA | ||
| 909 |
_a12/2023 _bSarah |
||
| 942 | _cBK | ||
| 999 |
_c260113 _d260113 |
||